TV Show Opening Credits II Quiz Stats

 Plays Quiz Updated Mar 28, 2016

Challenge
Share
Tweet
Score 0/24 Timer 05:00
2 Plays Today
Scene TV Show % Correct
20I Love Lucy
86.3%
1324
85.5%
24The Fresh Prince of Bel-Air
81.2%
22American Idol
80.6%
21Frasier
79.9%
4Happy Days
74.8%
19Futurama
73.3%
2Bewitched
71.8%
7Star Trek
70.5%
6ER
61.1%
15The X-Files
60.8%
16Survivor
58.5%
Scene TV Show % Correct
3True Blood
58.1%
14South Park
57.7%
1Dexter
50.1%
11Six Feet Under
40.7%
5Melrose Place
31.9%
23Twin Peaks
27.5%
12Welcome Back, Kotter
26.5%
9Weeds
24.8%
17Saturday Night Live
23.4%
8Deadwood
14.3%
10Coronation Street
13.7%
18Felicity
11.7%

You're not logged in!

Compare scores with friends on all Sporcle quizzes.
Join for Free
OR
Log In

You Might Also Like...

Show Comments

Extras

Top Quizzes Today


Score Distribution

Your Account Isn't Verified!

In order to create a playlist on Sporcle, you need to verify the email address you used during registration. Go to your Sporcle Settings to finish the process.

Report this User

Report this user for behavior that violates our Community Guidelines.

Details: